书目信息 |
| 题名: |
启功的书债
|
|
| 作者: | 韩波 编著 | |
| 分册: | ||
| 出版信息: | 北京 中国华侨出版社 2020.10 |
|
| 页数: | 354页 | |
| 开本: | 24cm | |
| 丛书名: | ||
| 单 册: | ||
| 中图分类: | J292.1-53 , J292.28 | |
| 科图分类: | ||
| 主题词: | 书法--shu fa--中国--文集 , 法书--fa shu--作品集--中国--现代 | |
| 电子资源: | ||
| ISBN: | 978-7-5113-8151-4 | |
| 000 | 01158nam0 2200265 450 | |
| 001 | CAL 0120203072638 | |
| 005 | 20230217093112.0 | |
| 010 | @a978-7-5113-8151-4@dCNY79.00 | |
| 100 | @a20201012d2020 em y0chiy0120 ea | |
| 101 | 0 | @achi |
| 102 | @aCN@b110000 | |
| 105 | @ay z 000yy | |
| 106 | @ar | |
| 200 | 1 | @a启功的书债@Aqi gong de shu zhai@f韩波编著 |
| 210 | @a北京@c中国华侨出版社@d2020.10 | |
| 215 | @a354页@d24cm | |
| 314 | @a韩波, 现为启功研究会会员。 | |
| 330 | @a本书主要讲述作者收集启功先生书画资料的亲身经历和学书的心得体会, 并以启先生的“书债”数量之巨为切入点, 介绍先生书法的结字、用笔等, 所列举的数百幅作品资料, 是作者几十年的心血积累, 绝大多数是此前未曾结集出版过、星散于世间的遗珠之作, 有题签、题词、题匾、题诗、题跋、条幅、对联、扇面、信扎、碑刻等, 几乎涵盖了启先生所有形制的作品, 内容包罗万象, 较全面的反映了启先生的书法艺术风貌, 既可以作为研究资料收藏, 也可以作为书法选集欣赏。 | |
| 606 | 0 | @a书法@Ashu fa@y中国@j文集 |
| 606 | 0 | @a法书@Afa shu@x作品集@y中国@z现代 |
| 690 | @aJ292.1-53@v5 | |
| 690 | @aJ292.28@v5 | |
| 701 | 0 | @a韩波@Ahan bo@4编著 |
| 801 | 0 | @aCN@bBJXHZP@c20230228 |
| 905 | @b1395297-300@dJ292.1-53@e755@f4 | |
| 启功的书债/韩波编著.-北京:中国华侨出版社,2020.10 |
| 354页;24cm |
| ISBN 978-7-5113-8151-4:CNY79.00 |
| 本书主要讲述作者收集启功先生书画资料的亲身经历和学书的心得体会, 并以启先生的“书债”数量之巨为切入点, 介绍先生书法的结字、用笔等, 所列举的数百幅作品资料, 是作者几十年的心血积累, 绝大多数是此前未曾结集出版过、星散于世间的遗珠之作, 有题签、题词、题匾、题诗、题跋、条幅、对联、扇面、信扎、碑刻等, 几乎涵盖了启先生所有形制的作品, 内容包罗万象, 较全面的反映了启先生的书法艺术风貌, 既可以作为研究资料收藏, 也可以作为书法选集欣赏。 |
| ● |
| 相关链接 |
|
|
|
|
正题名:启功的书债
索取号:J292.1-53/755
 
预约/预借
| 序号 | 登录号 | 条形码 | 馆藏地/架位号 | 状态 | 备注 |
| 1 | 1395297 | 213952971 | 第一样本阅览室/ [索取号:J292.1-53/755] | 在馆 | |
| 2 | 1395298 | 213952980 | 第一借阅区/ [索取号:J292.1-53/755] | 在馆 | |
| 3 | 1395299 | 213952999 | 第一借阅区/ [索取号:J292.1-53/755] | 在馆 | |
| 4 | 1395300 | 213953006 | 第一借阅区/ [索取号:J292.1-53/755] | 在馆 |